000 00353nam a2200133Ia 4500
008 151001s9999||||xx |||||||||||||| ||und||
100 _aThrkell Angela
245 _aWild Strawbweeies
250 _a4
260 _bPenguin Books
260 _c1937
300 _a256
365 _b8
999 _c949822
_d949819